000 00245nam a2200097Ia 4500
008 200302s9999 xx 000 0 und d
100 _aIvan Margolius
245 _aArchitects+Engineers=Structures
260 _bWiley-Acdemy & Sons
300 _a104 P.,
999 _c3231
_d3231